Egypt obdobie politickej anarchie (1801-1805)

Gespeichert in:
Bibliographische Detailangaben
1. Verfasser: Sorby, Karol R.
Format: Buch
Sprache:Slowakisch
Veröffentlicht: SAP - Slovak Academic Press 2003
Schlagworte:
Tags: Tag hinzufügen
Keine Tags, Fügen Sie das erste Tag hinzu!

MARC

LEADER 00000nam a2200000 4500
001 0126743
005 20240314091117.6
020 |a 80-89104-27-4 
041 0 |a slo 
044 |a SK 
245 1 0 |a Egypt  |b obdobie politickej anarchie (1801-1805)  |c Karol R. Sorby 
264 1 |b SAP - Slovak Academic Press  |c 2003 
300 |a 204 s. 
610 2 0 |a dejiny 
610 2 0 |a vývoj spoločenský 
610 2 0 |a vývoj politický 
610 2 0 |a kolonializmus 
610 2 0 |a boj politický 
610 2 0 |a história 
610 2 0 |a moc politická 
610 2 0 |a osobnosť 
610 2 0 |a Egypt 
100 1 |a Sorby, Karol R.